| 000 | 01394cas a2200349 i 4500 | ||
|---|---|---|---|
| 001 | 000043719 | ||
| 003 | DLC | ||
| 005 | 20250516113120.0 | ||
| 007 | ta | ||
| 008 | 140404c2010 dr tr1pdd || 0spa d | ||
| 022 | _a2077-9909 | ||
| 040 |
_aDO-SdBNP _bspa _cBNPHU _erda |
||
| 043 | _anwdr | ||
| 222 | 0 |
_aObserva-RD _bobservatorio económico de la República Dominicana |
|
| 245 | 0 | 0 |
_aObserva-RD : _bobservatorio económico de la República Dominicana. |
| 246 | 0 | 3 |
_aObservatorio económico _bboletín de información oportuna y análisis prospectivo |
| 264 |
_aSanto Domingo, República Dominicana : _bFUNGLODE, _c2010. |
||
| 300 |
_avolumen : _bilustraciones, gráficas, tablas ; _c28 cm. |
||
| 310 | _aCuatrimestral. | ||
| 336 |
_atexto _btxt _2rdacontent |
||
| 337 |
_asin mediación _bn _2rdamedia |
||
| 338 |
_avolumen _bnc _2rdacarrier |
||
| 362 | 1 | _aInicia con: Año.1, no.1 (Enero, 2010). | |
| 500 | _aCatalogación basada en: Año.1, no.1 (Enero, 2010). | ||
| 500 | _aTítulo tomado de la portada. | ||
| 500 | _aEditor: 2010, René Villarreal. | ||
| 650 | 0 |
_aPolítica económica _vPublicaciones periódicas _971533 |
|
| 651 | 4 |
_aRepública Dominicana _xCondiciones económicas _vPublicaciones periódicas _959305 |
|
| 700 | 1 |
_aVillarreal, René _beditor _971534 |
|
| 710 | 2 |
_aRepública Dominicana. _925477 _bFundación Global Democracia y Desarrollo |
|
| 942 |
_2ddc _cISSUE |
||
| 999 |
_c43208 _d43208 |
||